• 首页
  • 本馆介绍
  • 公告通知
  • 最新文献
  • 馆藏检索
  • 电子资源
  • 读者导购
  • 参考咨询
  • 我的图书馆
  • 登录
  • 详细信息显示
  • 放入我的书架
  • 预约/预借图书
  • 作者相关作品
  • 分类相关作品
  • 丛书相关作品
  • 出版社相关作品

书目信息

  • 表格格式
  • 工作单格式
  • 卡片格式
题名:
超级记忆
    
 
作者: 石伟华 著
分册:  
出版信息: 北京   中国纺织出版社  2016
页数: 242页
开本: 24cm
丛书名:
单 册:
中图分类: B842.3
科图分类:
主题词: 记忆术--Ji Yi Shu
电子资源:
ISBN: 978-7-5180-2137-6
000 01113nam0 22002651 450
001 351129
005 20161011100759.85
010    @a978-7-5180-2137-6@dCNY35.80
100    @a20151230d2016 em y0chiy50 ea
101 0  @achi
102    @aCN@b110000
105    @aa z 000yy
106    @ar
200 1  @a超级记忆@AChao Ji Ji Yi@e破解记忆宫殿的秘密@f石伟华著
210    @a北京@c中国纺织出版社@d2016
215    @a242页@c图@d24cm
314    @a石伟华,男,中国记忆力训练机构金牌讲师,国家注册心理咨询师,催眠师等职。
330    @a本书讲述了超强记忆的训练方法,为读者揭秘目前国际上公认的最强记忆法“宫殿记忆法”的原理和应用,全面破解记忆宫殿的秘密。作者分别从心理、原理、技法和应用等不同层面,详细讲解了宫殿记忆术、思维导图、快速阅读以及如何高效学习、如何抵抗遗忘等内容。
333    @a本书为广大的青少年学生和成人应试人群以及广大记忆力爱好者提供了一本非常难得的记忆法图书。
517 1  @a破解记忆宫殿的秘密@APo Jie Ji Yi Gong Dian De Bi Mi
606 0  @a记忆术@AJi Yi Shu
690    @aB842.3@v5
701  0 @a石伟华@AShi Wei Hua@4著
801  0 @aCN@bTANGWEI@c20160812
905    @b0893266-70@dB842.3@e1375@f5
    
    超级记忆:破解记忆宫殿的秘密/石伟华著.-北京:中国纺织出版社,2016
    242页:图;24cm
    使用对象:本书为广大的青少年学生和成人应试人群以及广大记忆力爱好者提供了一本非常难得的记忆法图书。
    
    ISBN 978-7-5180-2137-6:CNY35.80
    本书讲述了超强记忆的训练方法,为读者揭秘目前国际上公认的最强记忆法“宫殿记忆法”的原理和应用,全面破解记忆宫殿的秘密。作者分别从心理、原理、技法和应用等不同层面,详细讲解了宫殿记忆术、思维导图、快速阅读以及如何高效学习、如何抵抗遗忘等内容。
●
相关链接 在E读中查询图书 在五车中查询图书 在当当中查询图书 在豆瓣中查询图书


正题名:超级记忆     索取号:B842.3/1375         预约/预借

序号 登录号 条形码 馆藏地/架位号 状态 备注
1 0893266   208932663   第一样本阅览室/ [索取号:B842.3/1375] 在馆    
2 0893267   208932672   第一借阅区/ [索取号:B842.3/1375] 在馆    
3 0893268   208932681   第一借阅区/ [索取号:B842.3/1375] 在馆    
4 0893269   208932690   第一借阅区/ [索取号:B842.3/1375] 在馆    
5 0893270   208932707   第一借阅区/ [索取号:B842.3/1375] 在馆    
唐山师范学院图书馆 欢迎您!
大连网信软件有限公司© 版权所有